SKLADY DREVA V NEMECKEJ DEMOKRATICKEJ REPUBLIKE

Bibliographic Details
Main Author: Kern, Jozef (Author)
Format: Article
Language:Slovak

MARC

LEADER 00000nab a2200000uu 4500
001 vtls011502938
003 SK-MaSNL
005 20260303112228.0
008 230121|1968 xo |||||||||||||||||slo|
015 |a SNBRB 
035 |a (urnnbn)urn:nbn:sk:snk:ar-a0aiec 
035 |a (uuid)d80b8eae-9845-4b63-b72c-6727a065b978 
035 |a urn:nbn:sk:snk-abdwxm 
040 |a SNKBUCL  |b slo  |c SNKBUCL  |e AACR2 
041 0 |a slo 
044 |a xo  |c SK 
100 1 |a Kern, Jozef  |4 aut  |9 376249 
245 1 0 |a SKLADY DREVA V NEMECKEJ DEMOKRATICKEJ REPUBLIKE  |c Jozef Kern 
773 0 |t Les : časopis pre lesné hospodárstvo  |g Roč. 24, č. 3 (1968), s. 125-128 
954 |a odborná, vedecká literatúra pôvodná (slovenská)  |2 lita 
958 |a OND 
958 |a EUIPO 
958 |a article20 
999 |c 1882829  |d 1884759